| 000 | 00338nab a22001097u 4500 | ||
|---|---|---|---|
| 008 | 130520b2007 xxu||||| |||| 00| 0 spa d | ||
| 041 | _aspa | ||
| 100 | 1 |
_aPower, David N. _947380 |
|
| 245 | 0 | 0 |
_aEl rito de las transiciones vitales: sí o no _cDavid N. Power |
| 773 | 0 |
_tConcilium _gnº323,2007,págs. 15-26 _x0210-1041 _wRev134 |
|
| 942 | _cAR | ||
| 999 |
_c382902 _d382902 |
||